Mechanizacija i avtomatizacija v černoj metallurgii /

Uložené v:
Podrobná bibliografia
Hlavný autor: Kas´janov, Sergej Fedorovič (Author)
Médium: Kniha
Jazyk:Russian
Vydané: Moskva : Metallurgizdat, 1963.
Fyzický popis: 351 strán.
Tagy: Pridať tag
Žiadne tagy, Buďte prvý kto otaguje tento záznam!

MARC

LEADER 00000nam a22000002i 4500
001 000677708
005 20220301125505.0
008 220301s1963 ru e 000 0 rus d
020 |c Kčs 15,50  |q (viazané) 
040 |a SVKKK  |b slo  |c SVKKK  |e rda 
041 0 |a rus 
044 |a ru  |c RU 
100 1 |a Kas´janov, Sergej Fedorovič  |4 aut 
245 1 0 |a Mechanizacija i avtomatizacija v černoj metallurgii /  |c S. F. Kas´janov. 
264 1 |a Moskva :  |b Metallurgizdat,  |c 1963. 
300 |a 351 strán. 
336 |a text  |b txt  |2 rdacontent 
337 |a bez média  |b n  |2 rdamedia 
338 |a zväzok  |b nc  |2 rdacarrier 
500 |a Záznam revízie 
910 |a svkkk 
998 |a BK 
090 |g SCKHL  |k Sklad Pribinova 3. posch.  |a V0.2851  |j 017254  |i 2720835160  |4 Zastaraná  |s Vyradená